| 000 | 00612nam a22001937a 4500 | ||
|---|---|---|---|
| 003 | BUBTL | ||
| 008 | 190624b xxu||||| |||| 00| 0 eng d | ||
| 082 | _a627.52 / PUI | ||
| 100 |
_92178 _aPunmia,B.C. |
||
| 245 |
_aIrrigation and water power engineering / _cB.C.Punmia ,Pande Brij Basi Lal |
||
| 250 | _a11th ed. | ||
| 260 |
_aDelhi : _bStanderd Publishers Distributors, _cc1990. |
||
| 300 |
_axi, 891 p. : _bill. ; _c21 cm. |
||
| 650 | 0 |
_92171 _aCivil Engineering |
|
| 700 |
_92354 _aLal, Pande Brij Basi |
||
| 856 |
_k0 _l0 _yDownload |
||
| 942 |
_2ddc _cBK |
||
| 999 |
_c6080 _d6080 |
||